[Event "POL-chT U20 2nd League"]
[Site "Szczyrk"]
[Date "2017.07.26"]
[Round "6.84"]
[White "Pawletko, Szymon"]
[Black "Wolak, Kamil"]
[Result "1-0"]
[WhiteElo "1836"]
[BlackElo "1349"]
[PlyCount "81"]
[EventDate "2017.07.22"]
[EventType "team-swiss"]
[EventRounds "11"]
[EventCountry "POL"]
[SourceTitle "EXT 2019"]
[Source "ChessBase"]
[SourceDate "2018.10.10"]
[SourceVersion "1"]
[SourceVersionDate "2018.10.10"]
[SourceQuality "1"]

1. e4 c5 2. Nf3 Nc6 3. d4 cxd4 4. Nxd4 e5 5. Nb5 a6 6. Nd6+ Bxd6 7. Qxd6 Qf6 8. Qxf6 Nxf6 9. Nc3 Nb4 10. Bd3 0-0 11. Be3 Nxd3+ 12. cxd3 d6 13. f3 b5 14. d4 Bd7 15. d5 b4 16. Ne2 Rfc8 17. Kd2 Rab8 18. b3 Ne8 19. Rhc1 f5 20. Rxc8 Rxc8 21. Rc1 Rxc1 22. Nxc1 Nf6 23. Bg5 fxe4 24. Bxf6 gxf6 25. fxe4 f5 26. Nd3 a5 27. Nb2 Bb5 28. exf5 Kf7 29. Nd1 Kf6 30. g4 e4 31. Ke3 Ke5 32. Nf2 Kxd5 33. Nxe4 Ke5 34. f6 Be8 35. g5 d5 36. Nd2 Bg6 37. Nf3+ Kd6 38. h4 Bb1 39. h5 Bxa2 40. g6 hxg6 41. h6 1-0